01900njm a2200421Ia 450000100060000000300090000600500170001500800410003204000130007304000130008604100120009910000110011110000180012210000380014024500530017825000110023126000110024226000630025330000100031630000290032650000350035550501060039051100190049651100150051551100110053051100120054165000450055370000750059870001000067370000790077370000900085270000800094270000640102270000960108670000990118270000840128170001130136520541IT-RoPAU20220918181159.0131025s9999 xx 000 0 und d aIT-RoPAU cIT-RoPAU aINGLESE aAA.VV. eAutore musica gCodice autore musica SPICS: 12000 aCristal Geant (Lp De.X 13001-Disco dimostrativo) a1a ed. aMILANO bDURIUM RECORDc1983 [1a Ed.:1983 - Ed. Lingua Orig.: 1983] aDISCO c17 minuti (Testo: pag.) aMusica pop. Disco dimostrativo aStand By (3:00) - La dolce vita (5:00) - Magical Night (5:00) - Un Fait Divers Et Rien de Plus (5:00) aHolliday Roman aParis Ryan aChange aLe Club aPOP [DISCHI]eCodice MATERIA SPICS: 9950 aLambert F.dCodice autore musica SPICS: 23133eAutore musicapStand By aLambert S.dCodice autore testo/musica SPICS: 23132eAutore testo/musica SPICS: 23132pStand By aMazzolinidCodice autore musica SPICS: 23135eAutore musicapLa dolce vita aGiombinidCodice autore testo/musica SPICS: 23134eAutore testo/musicapLa dolce vita aLafalce L.dCodice autore musica SPICS: 23128eAutore musicapMagical Night aBoone L.dCodice autore SPICS: 23127eAutorepMagical Night aMalavasi MaurodCodice autore testo/musica SPICS: 20739eAutore testo/musicapMagical Night aZalkman OlafdCodice autore musica SPICS: 23131eAutore musicapUn fait divers et rien de plus aDieme JackydCodice autore SPICS: 23130eAutorepUn fait divers et rien de plus aMonel André dCodice autore testo/musica SPICS: 23129eAutore testo/musicapUn fait divers et rien de plus